| 000 | 01004nam a22002897a 4500 | ||
|---|---|---|---|
| 001 | 4183 | ||
| 003 | FISKH | ||
| 005 | 20240626082245.0 | ||
| 008 | 240626b cb ||||| |||| 00| 0 eng d | ||
| 020 | _a9780439667623 | ||
| 040 |
_aFISKH _beng _cFISKH _dFISKH |
||
| 050 | _aPZ7 | ||
| 082 | _a428.6 | ||
| 100 | _aHerman, Gail | ||
| 245 |
_aTime for school / _cBy Gail Herman ; Illustrated by Jim Durk ; Based on the Scholastic book series "Clifford The Big Red Dog" by Norman Bridwell |
||
| 260 |
_aNew York : _bScholastic, _c2004 |
||
| 300 |
_a32 unnumbered pages : _bcolor illustrations ; _c23 cm |
||
| 490 | _aClifford the big red dog | ||
| 505 | _aJ | ||
| 520 | _aEmily Elizabeth and Clifford play together until she has to get ready for school, and then she does not have the time for him. | ||
| 521 | 8 |
_a470
_bLexile |
|
| 521 | 8 |
_aJ
_bRaz-Plus |
|
| 650 |
_aAnimals _xBack to School _yDogs |
||
| 700 |
_aDurk, Jim _eIllustrator |
||
| 942 |
_2ddc _cBK _n0 |
||
| 999 |
_c4183 _d4183 |
||